<?xml version="1.0" encoding="UTF-8"?>
<record
    xmlns:xsi="http://www.w3.org/2001/XMLSchema-instance"
    xsi:schemaLocation="http://www.loc.gov/MARC21/slim http://www.loc.gov/standards/marcxml/schema/MARC21slim.xsd"
    xmlns="http://www.loc.gov/MARC21/slim">

  <leader>01149nam a2200253 i 4500</leader>
  <controlfield tag="001">171132</controlfield>
  <controlfield tag="003">ES-MaACL</controlfield>
  <controlfield tag="005">20230906214540.0</controlfield>
  <controlfield tag="008">090429s19311953fr           |||| | fre d</controlfield>
  <datafield tag="080" ind1=" " ind2=" ">
    <subfield code="a">929</subfield>
  </datafield>
  <datafield tag="100" ind1="0" ind2=" ">
    <subfield code="a">Caban&#xE8;s, Augustin.</subfield>
    <subfield code="9">33136</subfield>
  </datafield>
  <datafield tag="245" ind1="1" ind2="0">
    <subfield code="a">Grands n&#xE9;vropathes </subfield>
    <subfield code="b">: ouvrage illustr&#xE9; de [...] gravures / </subfield>
    <subfield code="c">Docteur Caban&#xE8;s.</subfield>
  </datafield>
  <datafield tag="260" ind1=" " ind2=" ">
    <subfield code="a">Paris : </subfield>
    <subfield code="b">Albin Michel, </subfield>
    <subfield code="c">1931-53.</subfield>
  </datafield>
  <datafield tag="300" ind1=" " ind2=" ">
    <subfield code="a">2 v. : </subfield>
    <subfield code="b">grab., retr. ; </subfield>
    <subfield code="c">18 cm.</subfield>
  </datafield>
  <datafield tag="490" ind1="1" ind2=" ">
    <subfield code="a">Ouvrages de pathologie litt&#xE9;raire</subfield>
  </datafield>
  <datafield tag="505" ind1="8" ind2=" ">
    <subfield code="a">Contiene: T. I. Baudelaire ; Byron ; Chateaubriand ; Moli&#xE8;re ; Pascal ; Shelley ; Wagner. T. II. La Fontaine ; Rousseau ; R&#xE9;tif de la Bretonne ; Bernardin de Saint-Pierre ; Lamennais ; Auguste Comte ; Alfred de Musset ; Victor Hugo ; Sainte-Beuve ; Les fr&#xE8;res de Goncourt.</subfield>
  </datafield>
  <datafield tag="594" ind1=" " ind2=" ">
    <subfield code="a">Subt. del t. I: Malades immortels.</subfield>
  </datafield>
  <datafield tag="596" ind1=" " ind2=" ">
    <subfield code="a">T.I imp. en 1953.</subfield>
  </datafield>
  <datafield tag="650" ind1=" " ind2="4">
    <subfield code="a">Escritores-</subfield>
    <subfield code="v">Biograf&#xED;as.</subfield>
    <subfield code="9">136034</subfield>
  </datafield>
  <datafield tag="650" ind1=" " ind2="4">
    <subfield code="a">Celebridades-</subfield>
    <subfield code="x">Biograf&#xED;as.</subfield>
    <subfield code="9">143758</subfield>
  </datafield>
  <datafield tag="830" ind1="0" ind2=" ">
    <subfield code="a">Ouvrages de pathologie litt&#xE9;raire</subfield>
    <subfield code="9">223154</subfield>
  </datafield>
  <datafield tag="852" ind1="4" ind2=" ">
    <subfield code="a">ES-MaACL</subfield>
    <subfield code="j">E-12610-11 </subfield>
    <subfield code="9">R.140240 </subfield>
    <subfield code="z">. - Biblioteca Jacinto Mart&#xED;nez Lacalle</subfield>
  </datafield>
  <datafield tag="999" ind1=" " ind2=" ">
    <subfield code="c">171132</subfield>
    <subfield code="d">171132</subfield>
  </datafield>
  <datafield tag="952" ind1=" " ind2=" ">
    <subfield code="0">0</subfield>
    <subfield code="1">0</subfield>
    <subfield code="4">0</subfield>
    <subfield code="7">0</subfield>
    <subfield code="a">ATENEOM</subfield>
    <subfield code="b">ATENEOM</subfield>
    <subfield code="c">DEPO2</subfield>
    <subfield code="d">2009-04-29</subfield>
    <subfield code="e">DON</subfield>
    <subfield code="l">0</subfield>
    <subfield code="o">E-12611</subfield>
    <subfield code="p">1179596</subfield>
    <subfield code="r">2023-02-23 00:00:00</subfield>
    <subfield code="w">2023-02-23</subfield>
    <subfield code="y">MONOGRAFIA</subfield>
  </datafield>
</record>
